Normal view
MARC view
- Swaneh o afkaar
Entry Topical Term
001 - CONTROL NUMBER
- control field: 124848
003 - CONTROL NUMBER IDENTIFIER
- control field: NUST
005 - DATE AND TIME OF LATEST TRANSACTION
- control field: 20240729144210.0
008 - FIXED-LENGTH DATA ELEMENTS
- fixed length control field: 240729|| aca||aabn | a|a d
040 ## - CATALOGING SOURCE
- Original cataloging agency: NUST
- Transcribing agency: NUST
150 ## - HEADING--TOPICAL TERM
- Topical term or geographic name entry element: Swaneh o afkaar
670 ## - SOURCE DATA FOUND
- Source citation: Work cat.: (NUST): Shorish Kashmiri 1291, Swaneh o afkaar, 1998.
